Biblical preaching: (Record no. 3344)

000 -LEADER
fixed length control field 00631nam a2200193 a 4500
001 - CONTROL NUMBER
control field :::00001074$&:&@@
003 - CONTROL NUMBER IDENTIFIER
control field OkBaRHE
005 - DATE AND TIME OF LATEST TRANSACTION
control field 20100331161033.0
008 - FIXED-LENGTH DATA ELEMENTS--GENERAL INFORMATION
fixed length control field s1983 j 000 0 eng u
040 ## - CATALOGING SOURCE
Transcribing agency
100 1# - MAIN ENTRY--PERSONAL NAME
Personal name Cox, James William, 1923-
245 10 - TITLE STATEMENT
Title Biblical preaching:
Remainder of title an expositor's treasury.
Statement of responsibility, etc Edited by James W. Cox.
250 ## - EDITION STATEMENT
Edition statement 1st ed.
260 ## - PUBLICATION, DISTRIBUTION, ETC. (IMPRINT)
Place of publication, distribution, etc Philadelphia, PA., :
Name of publisher, distributor, etc Westminster Press
Date of publication, distribution, etc 1983
300 ## - PHYSICAL DESCRIPTION
Extent 372 p. ;
Dimensions 23 cm.
650 ## - SUBJECT ADDED ENTRY--TOPICAL TERM
Topical term or geographic name as entry element Bible
General subdivision Homiletical Use
942 ## - ADDED ENTRY ELEMENTS (KOHA)
Source of classification or shelving scheme
Koha item type Books
Copies
Date acquired Barcode Source of classification or shelving scheme Date last seen Not for loan Price effective from Lost status Copy number Koha item type Damaged status Permanent Location Full call number Withdrawn status Shelving location
2010-04-141074 2010-04-14 2010-04-14 1Books RHEMA Bible Training CollegeBS 534.5 .B5 1983 General Stacks